Statistics for Map Minesweeper Tutorial

Click here to take the quiz!

General Stats

  • This quiz has been taken 1,027 times
  • The average score is 38 of 65

Answers on the Map

Answers color-coded by a green-red scale on the quiz's map according to % correct below.
 

Answer Stats

Country% Correct
Canada
98%
Honduras
74%
Peru
69%
Ecuador
65%
Venezuela
65%
Paraguay
62%
Uruguay
62%
Lesotho
61%
Namibia
61%
Botswana
60%
Mozambique
60%
Chad
59%
Ethiopia
59%
Niger
59%
Republic of the Congo
59%
Russia
59%
Burundi
58%
Cameroon
58%
Central African Republic
58%
Eritrea
58%
France
58%
Rwanda
58%
Somalia
58%
Burkina Faso
57%
Equatorial Guinea
57%
Ghana
57%
Mali
57%
Morocco
57%
Tunisia
57%
Benin
56%
Finland
56%
Gambia
56%
Greece
56%
Guinea
56%
Guinea-bissau
56%
Liberia
56%
Mauritania
56%
Mongolia
56%
Spain
56%
Ukraine
56%
Andorra
55%
Azerbaijan
55%
Belgium
55%
Brunei
55%
Cambodia
55%
Czech Republic
55%
Estonia
55%
Georgia
55%
Indonesia
55%
Iran
55%
Kazakhstan
55%
Kyrgyzstan
55%
Laos
55%
Luxembourg
55%
Montenegro
55%
North Korea
55%
Norway
55%
Papua New Guinea
55%
Poland
55%
Switzerland
55%
Tajikistan
55%
Thailand
55%
United Arab Emirates
55%
East Timor
54%
Romania
54%

Score Distribution

Percentile by Number Answered

Percent of People with Each Score

Your Score History

You have not taken this quiz